000
00252nam a22000977a 4500
008
230605b xxu||||| |||| 00| 0 eng d
082
_a
328.41
_b
TGO
245
_a
House of Commons
_b
Table office prectice and procedure
_c
1988
300
_a
72p
942
_2
ddc
_c
BK
999
_c
366
_d
366